<?xml version="1.0" encoding="UTF-8"?>
<record
    xmlns:xsi="http://www.w3.org/2001/XMLSchema-instance"
    xsi:schemaLocation="http://www.loc.gov/MARC21/slim http://www.loc.gov/standards/marcxml/schema/MARC21slim.xsd"
    xmlns="http://www.loc.gov/MARC21/slim">

  <leader>03380njm a2200505Ia 4500</leader>
  <controlfield tag="001">40006</controlfield>
  <controlfield tag="003">IT-RoPAU</controlfield>
  <controlfield tag="005">20220918181156.0</controlfield>
  <controlfield tag="008">131025s9999    xx            000 0 und d</controlfield>
  <datafield tag="040" ind1=" " ind2=" ">
    <subfield code="a">IT-RoPAU</subfield>
  </datafield>
  <datafield tag="040" ind1=" " ind2=" ">
    <subfield code="c">IT-RoPAU</subfield>
  </datafield>
  <datafield tag="999" ind1=" " ind2=" ">
    <subfield code="c">102599</subfield>
    <subfield code="d">102599</subfield>
  </datafield>
  <datafield tag="999" ind1=" " ind2=" ">
    <subfield code="b">n.d.</subfield>
  </datafield>
  <datafield tag="100" ind1=" " ind2=" ">
    <subfield code="a">AA.VV.</subfield>
    <subfield code="9">794</subfield>
  </datafield>
  <datafield tag="100" ind1=" " ind2=" ">
    <subfield code="e">Autore musica</subfield>
    <subfield code="9">20400</subfield>
  </datafield>
  <datafield tag="100" ind1=" " ind2=" ">
    <subfield code="g">Codice autore musica SPICS: 12000</subfield>
    <subfield code="9">796</subfield>
  </datafield>
  <datafield tag="245" ind1=" " ind2=" ">
    <subfield code="a">Motivi celebri di tutto il mondo (03)</subfield>
  </datafield>
  <datafield tag="250" ind1=" " ind2=" ">
    <subfield code="a">1a ed.</subfield>
  </datafield>
  <datafield tag="260" ind1=" " ind2=" ">
    <subfield code="a">ITALIA</subfield>
  </datafield>
  <datafield tag="260" ind1=" " ind2=" ">
    <subfield code="b">SELEZIONE</subfield>
  </datafield>
  <datafield tag="300" ind1=" " ind2=" ">
    <subfield code="a">DISCO</subfield>
  </datafield>
  <datafield tag="500" ind1=" " ind2=" ">
    <subfield code="a">Musica strumentale. Arrangiamento di colonne sonore di film vari.</subfield>
  </datafield>
  <datafield tag="505" ind1=" " ind2=" ">
    <subfield code="a">Concerto di Varsavia (dal film "Dangerous Moonlight") - Laura (dal film "Vertigine") - La strada (dal film omonimo) - L'amore &#xE8; una cosa meravigliosa (dal film omonimo) - Il canto (dal film Moulin Rouge) - Intermezzo (dal film omonimo) - Exodus (dal film omonimo) -  Sopra l'arcobaleno (da "Il mago di Oz") - Il tema di Thara (Da "Via col vento") - Prigionieri del cielo (dal film omonimo) - Gigi (dal film omonimo)</subfield>
  </datafield>
  <datafield tag="511" ind1=" " ind2=" ">
    <subfield code="a">Hill Bowen e la sua Orchestra</subfield>
  </datafield>
  <datafield tag="650" ind1=" " ind2=" ">
    <subfield code="a">COLONNE SONORE [DISCHI]</subfield>
    <subfield code="e">Codice MATERIA SPICS: 9950</subfield>
    <subfield code="9">1905</subfield>
  </datafield>
  <datafield tag="700" ind1=" " ind2=" ">
    <subfield code="a">Bowen Hill</subfield>
    <subfield code="g">Codice interprete SPICS: 10768</subfield>
    <subfield code="e">Interprete</subfield>
    <subfield code="9">20401</subfield>
  </datafield>
  <datafield tag="700" ind1=" " ind2=" ">
    <subfield code="a">Addinsell Richard</subfield>
    <subfield code="g">Codice autore musica SPICS: 14121</subfield>
    <subfield code="e">Autore musica</subfield>
    <subfield code="p">Concerto di Varsavia (dal film "Dangerous Moonlight")</subfield>
    <subfield code="9">20402</subfield>
  </datafield>
  <datafield tag="700" ind1=" " ind2=" ">
    <subfield code="a">Mercer Len</subfield>
    <subfield code="g">Codice autore musica SPICS: 13923</subfield>
    <subfield code="e">Autore musica</subfield>
    <subfield code="p">Laura (dal film "Vertigine")</subfield>
    <subfield code="9">20403</subfield>
  </datafield>
  <datafield tag="700" ind1=" " ind2=" ">
    <subfield code="a">Raksin David</subfield>
    <subfield code="g">Codice autore SPICS: 22536</subfield>
    <subfield code="e">Autore</subfield>
    <subfield code="p">Laura (dal film "Vertigine")</subfield>
    <subfield code="9">20404</subfield>
  </datafield>
  <datafield tag="700" ind1=" " ind2=" ">
    <subfield code="a">Galdieri Michele</subfield>
    <subfield code="g">Codice autore musica SPICS: 13370</subfield>
    <subfield code="e">Autore musica</subfield>
    <subfield code="p">La strada (dal film omonimo)</subfield>
    <subfield code="9">20405</subfield>
  </datafield>
  <datafield tag="700" ind1=" " ind2=" ">
    <subfield code="a">Rota Nino</subfield>
    <subfield code="g">Codice autore SPICS: 11128</subfield>
    <subfield code="e">Autore</subfield>
    <subfield code="p">La strada (dal film omonimo)</subfield>
    <subfield code="9">20406</subfield>
  </datafield>
  <datafield tag="700" ind1=" " ind2=" ">
    <subfield code="a">Webster Benjamin Francis (Ben)</subfield>
    <subfield code="g">Codice autore musica SPICS: 14419</subfield>
    <subfield code="e">Autore musica</subfield>
    <subfield code="p">L'amore &#xE8; una cosa meravigliosa (dal film omonimo)</subfield>
    <subfield code="9">20407</subfield>
  </datafield>
  <datafield tag="700" ind1=" " ind2=" ">
    <subfield code="a">Fain Sammy</subfield>
    <subfield code="g">Codice autore SPICS: 14147</subfield>
    <subfield code="e">Autore musica</subfield>
    <subfield code="p">L'amore &#xE8; una cosa meravigliosa (dal film omonimo)</subfield>
    <subfield code="9">20408</subfield>
  </datafield>
  <datafield tag="700" ind1=" " ind2=" ">
    <subfield code="a">Auric George</subfield>
    <subfield code="g">Codice autore musica SPICS: 14416</subfield>
    <subfield code="e">Autore musica</subfield>
    <subfield code="p">Il canto da Moulin Rouge</subfield>
    <subfield code="9">20409</subfield>
  </datafield>
  <datafield tag="700" ind1=" " ind2=" ">
    <subfield code="a">Engvick William</subfield>
    <subfield code="g">Codice autore SPICS: 15849</subfield>
    <subfield code="e">Autore</subfield>
    <subfield code="p">Il canto da Moulin Rouge</subfield>
    <subfield code="9">20410</subfield>
  </datafield>
  <datafield tag="700" ind1=" " ind2=" ">
    <subfield code="a">Provost Heinz</subfield>
    <subfield code="g">Codice autore musica SPICS: 28511</subfield>
    <subfield code="e">Autore musica</subfield>
    <subfield code="p">Intermezzo (dal film omonimo)</subfield>
    <subfield code="9">20411</subfield>
  </datafield>
  <datafield tag="700" ind1=" " ind2=" ">
    <subfield code="a">Henning</subfield>
    <subfield code="g">Codice autore SPICS: 28512</subfield>
    <subfield code="e">Autore</subfield>
    <subfield code="p">Intermezzo (dal film omonimo)</subfield>
    <subfield code="9">20412</subfield>
  </datafield>
  <datafield tag="700" ind1=" " ind2=" ">
    <subfield code="a">Gold Ernest</subfield>
    <subfield code="g">Codice autore musica SPICS: 10926</subfield>
    <subfield code="e">Autore musica</subfield>
    <subfield code="p">Exodus (dal film omonimo)</subfield>
    <subfield code="9">20413</subfield>
  </datafield>
  <datafield tag="700" ind1=" " ind2=" ">
    <subfield code="a">Arlen Harold</subfield>
    <subfield code="g">Codice autore musica SPICS: 13025</subfield>
    <subfield code="e">Autore musica</subfield>
    <subfield code="p">Sopra l'arcobaleno (da "Il mago di Oz")</subfield>
    <subfield code="9">20414</subfield>
  </datafield>
  <datafield tag="700" ind1=" " ind2=" ">
    <subfield code="a">Harburg E. Y.</subfield>
    <subfield code="g">Codice autore SPICS: 15671</subfield>
    <subfield code="e">Autore musica</subfield>
    <subfield code="p">Sopra l'arcobaleno (da "Il mago di Oz")</subfield>
    <subfield code="9">20415</subfield>
  </datafield>
  <datafield tag="700" ind1=" " ind2=" ">
    <subfield code="a">Steiner Max</subfield>
    <subfield code="g">Codice autore musica SPICS: 11162</subfield>
    <subfield code="e">Autore musica</subfield>
    <subfield code="p">Il tema di Thara (Da "Via col vento")</subfield>
    <subfield code="9">20416</subfield>
  </datafield>
  <datafield tag="700" ind1=" " ind2=" ">
    <subfield code="a">Tiomkin Dimitri</subfield>
    <subfield code="g">Codice autore musica SPICS: 11173</subfield>
    <subfield code="e">Autore musica</subfield>
    <subfield code="p">Prigionieri del cielo (dal film omonimo)</subfield>
    <subfield code="9">20417</subfield>
  </datafield>
  <datafield tag="700" ind1=" " ind2=" ">
    <subfield code="a">Lerner Alan Jay</subfield>
    <subfield code="g">Codice autore musica SPICS: 27495</subfield>
    <subfield code="e">Autore musica</subfield>
    <subfield code="p">Gigi (dal film omonimo)</subfield>
    <subfield code="9">20418</subfield>
  </datafield>
  <datafield tag="700" ind1=" " ind2=" ">
    <subfield code="a">Loewe Frederick</subfield>
    <subfield code="g">Codice autore SPICS: 10988</subfield>
    <subfield code="e">Autore</subfield>
    <subfield code="p">Gigi (dal film omonimo)</subfield>
    <subfield code="9">20419</subfield>
  </datafield>
  <datafield tag="942" ind1=" " ind2=" ">
    <subfield code="c">MD</subfield>
    <subfield code="2">ddc</subfield>
  </datafield>
  <datafield tag="952" ind1=" " ind2=" ">
    <subfield code="0">0</subfield>
    <subfield code="1">0</subfield>
    <subfield code="4">0</subfield>
    <subfield code="6">40006_000000000000000</subfield>
    <subfield code="7">1</subfield>
    <subfield code="a">SPICS</subfield>
    <subfield code="b">SPICS</subfield>
    <subfield code="d">2013-10-25</subfield>
    <subfield code="l">0</subfield>
    <subfield code="o">40006</subfield>
    <subfield code="r">2013-10-25 00:00:00</subfield>
    <subfield code="w">2013-10-25</subfield>
    <subfield code="y">MD</subfield>
    <subfield code="z">Progr. Ins.: 20422 / N.Vol.: n.d. / Copie: 1 - Copia rara: n.d. / date import: 01.01.2014 - By Epidotti, Trombetti, Vaglietti</subfield>
  </datafield>
</record>
